[Event "46th GRE-chT Premier 2018"]
[Site "Rio Achaia"]
[Date "2018.07.14"]
[Round "6"]
[White "Skalkotas, Nikolaos"]
[Black "Nikolaidis, Konstantinos"]
[Result "0-1"]
[WhiteElo "2044"]
[BlackElo "2182"]
[Annotator "NA"]
[PlyCount "66"]
[EventDate "2018.07.10"]
[EventType "team-tourn"]
[EventCountry "GRE"]
[SourceTitle "playchess.com"]
[Source "ChessBase"]
[SourceQuality "1"]

1. d4 Nf6 2. c4 e6 3. Nc3 Bb4 4. e3 O-O 5. Nge2 c6 6. a3 Ba5 7. b4 Bc7 8. e4 d5 9. e5 Ne8 10. c5 b6 11. g3 f6 12. f4 Ba6 13. Bh3 Qe7 14. O-O Bc4 15. Be3 g6 16. Re1 Ng7 17. exf6 Qxf6 18. Qd2 Nd7 19. Kh1 Nf5 20. Ng1 bxc5 21. bxc5 Ba5 22. Rac1 Rab8 23. Bf2 Rb3 24. Nf3 Nxc5 25. Ne5 Na4 26. Nxc4 dxc4 27. Qe2 Rxc3 28. Rxc3 Bxc3 29. Rc1 Bxd4 30. Rxc4 Bxf2 31. Qxf2 Qa1+ 32. Bf1 Nb6 33. Re4 Nd5 0-1

[Event "46th GRE-chT Premier 2018"]
[Site "Rio Achaia"]
[Date "2018.07.14"]
[Round "6"]
[White "Georgakopoulos, Nikolaos K"]
[Black "Gkikas, Ioannis"]
[Result "1-0"]
[WhiteElo "2033"]
[BlackElo "1553"]
[Annotator "NA"]
[PlyCount "111"]
[EventDate "2018.07.10"]
[EventType "team-tourn"]
[EventCountry "GRE"]
[SourceTitle "playchess.com"]
[Source "ChessBase"]
[SourceQuality "1"]

1. e4 c5 2. Nf3 e6 3. c4 Nc6 4. Be2 e5 5. Nc3 g6 6. d3 Bg7 7. Nd5 Nge7 8. Bg5 h6 9. Bf6 Bxf6 10. Nxf6+ Kf8 11. h4 Kg7 12. Nd5 d6 13. Qd2 Nxd5 14. cxd5 Nd4 15. Nxd4 cxd4 16. f4 f6 17. O-O-O Bd7 18. Kb1 b5 19. g4 Rc8 20. g5 hxg5 21. hxg5 Rxh1 22. Rxh1 f5 23. Bd1 Qc7 24. Bb3 Qb8 25. a3 fxe4 26. dxe4 Rh8 27. Rh6 Rxh6 28. gxh6+ Kh7 29. Qh2 Qe8 30. Qh4 Qf8 31. fxe5 dxe5 32. Qg5 Qxh6 33. Qxe5 Qg7 34. Qh2+ Qh6 35. Qxh6+ Kxh6 36. e5 Bf5+ 37. Kc1 Kg7 38. Kd2 a6 39. d6 g5 40. e6 Kf6 41. e7 Bd7 42. Kd3 Be8 43. Kxd4 g4 44. Bd5 g3 45. Ke3 g2 46. Kf2 Ke5 47. Bf7 Kxd6 48. Bxe8 Kxe7 49. Bg6 Kd6 50. Kxg2 Kc5 51. Bc2 b4 52. a4 Kc4 53. b3+ Kc3 54. Bd1 Kd2 55. Bf3 Kc3 56. Bd5 1-0

[Event "46th GRE-chT Premier 2018"]
[Site "Rio Achaia"]
[Date "2018.07.14"]
[Round "6"]
[White "Abelakiotis, Stavros"]
[Black "Betsakos, Konstantinos"]
[Result "1/2-1/2"]
[WhiteElo "2029"]
[BlackElo "1913"]
[Annotator "NA"]
[PlyCount "68"]
[EventDate "2018.07.10"]
[EventType "team-tourn"]
[EventCountry "GRE"]
[SourceTitle "playchess.com"]
[Source "ChessBase"]
[SourceQuality "1"]

1. e4 c5 2. Nf3 Nc6 3. Bb5 g6 4. Bxc6 dxc6 5. d3 Bg7 6. h3 Nf6 7. Nc3 Nd7 8. Be3 e5 9. Qd2 h6 10. Nh2 Qe7 11. O-O-O Nf8 12. f4 exf4 13. Bxf4 Ne6 14. Be3 b6 15. Nf3 Nd4 16. Ne2 Nxe2+ 17. Qxe2 Ba6 18. Bd2 O-O-O 19. Qe1 c4 20. Bc3 Bxc3 21. Qxc3 cxd3 22. cxd3 Rhe8 23. Rhe1 Qc7 24. Kb1 c5 25. Rd2 Kb8 26. Red1 Qf4 27. Ka1 Bb7 28. Rf1 f5 29. Qf6 Rd6 30. Qf7 Rde6 31. Rdf2 R8e7 32. Qf8+ Re8 33. Qf7 R8e7 34. Qf8+ Bc8 1/2-1/2

[Event "46th GRE-chT Premier 2018"]
[Site "Rio Achaia"]
[Date "2018.07.14"]
[Round "6"]
[White "Skaraki, Antigoni"]
[Black "Botsari, Anna-Maria"]
[Result "1-0"]
[WhiteElo "2027"]
[BlackElo "2284"]
[Annotator "NA"]
[PlyCount "163"]
[EventDate "2018.07.10"]
[EventType "team-tourn"]
[EventCountry "GRE"]
[SourceTitle "playchess.com"]
[Source "ChessBase"]
[SourceQuality "1"]

1. e4 c5 2. Nf3 e6 3. b3 a6 4. Bb2 Nc6 5. c4 Qc7 6. Qe2 Nge7 7. g3 f6 8. h4 Ng6 9. h5 Nge5 10. Nxe5 fxe5 11. Qg4 Rg8 12. Nc3 Nd4 13. Bd3 Qd6 14. Bb1 b5 15. O-O bxc4 16. f4 Be7 17. f5 Bf6 18. bxc4 Bb7 19. Ba3 Ke7 20. fxe6 dxe6 21. Na4 Rac8 22. Bd3 Nb5 23. cxb5 Qd4+ 24. Kh2 Qxa4 25. bxa6 Ba8 26. Bb2 Rcd8 27. Qe2 Rd6 28. Bc3 Rgd8 29. Rf3 Rc8 30. Bc4 Qc2 31. Re3 Qa4 32. Rf1 Rcd8 33. Bb3 Qxa6 34. Bc4 Qb7 35. Qf2 R6d7 36. h6 Kd6 37. hxg7 Bxg7 38. Rd3+ Kc6 39. Rxd7 Qxd7 40. a4 Kd6 41. Rb1 Qa7 42. a5 Rf8 43. Qe3 Rb8 44. Rf1 Qb7 45. d3 Qe7 46. a6 Bc6 47. Ra1 Rc8 48. Ra5 Ba8 49. Bb2 Qc7 50. Rb5 Rb8 51. Rxb8 Qxb8 52. Ba3 Qc7 53. Qg5 Bf8 54. Qg8 Qe7 55. Bxe6 Qf6 56. Bf5 Qh6+ 57. Kg2 Bc6 58. a7 Kc7 59. Qb3 Bb7 60. Qb5 Qd2+ 61. Kh3 Qh6+ 62. Kg4 Qg7+ 63. Kf3 Qf6 64. Bxc5 Qxf5+ 65. Kg2 Qc8 66. Bb6+ Kd6 67. Bc5+ Ke6 68. Bxf8 Kf7 69. Bc5 Bc6 70. Qb8 Qa6 71. Qc7+ Kg6 72. Qd6+ Kf7 73. Qe7+ Kg6 74. Qe6+ Kg7 75. Qxe5+ Kf7 76. Qe7+ Kg6 77. Qd6+ Kf7 78. Kf3 h5 79. Kf4 Qc8 80. Qe7+ Kg8 81. Qg5+ Kf7 82. Qxh5+ 1-0

[Event "46th GRE-chT Premier 2018"]
[Site "Rio Achaia"]
[Date "2018.07.14"]
[Round "6"]
[White "Sgouros, Apostolos"]
[Black "Karaboikis, Spiridon"]
[Result "1/2-1/2"]
[WhiteElo "2024"]
[BlackElo "1942"]
[Annotator "NA"]
[PlyCount "53"]
[EventDate "2018.07.10"]
[EventType "team-tourn"]
[EventCountry "GRE"]
[SourceTitle "playchess.com"]
[Source "ChessBase"]
[SourceQuality "1"]

1. d4 Nf6 2. c4 e6 3. Nc3 Bb4 4. Bg5 h6 5. Bh4 b6 6. e3 d5 7. Qa4+ Nc6 8. Qxc6+ Bd7 9. Bxf6 gxf6 10. Qb7 a5 11. cxd5 Rb8 12. Qa6 b5 13. dxe6 fxe6 14. a3 Bxc3+ 15. bxc3 Ra8 16. Qb7 c6 17. a4 b4 18. cxb4 Rb8 19. Qa7 Rxb4 20. Qc5 Qb8 21. Bd3 Rg8 22. Nf3 Rxg2 23. Kf1 Rg7 24. Rg1 Rxg1+ 25. Kxg1 Kf7 26. Nh4 e5 27. Bg6+ 1/2-1/2

[Event "46th GRE-chT Premier 2018"]
[Site "Rio Achaia"]
[Date "2018.07.14"]
[Round "6"]
[White "Dimopoulos, Symeon"]
[Black "Pappas, Apostolos"]
[Result "1/2-1/2"]
[WhiteElo "2020"]
[BlackElo "2034"]
[Annotator "NA"]
[PlyCount "90"]
[EventDate "2018.07.10"]
[EventType "team-tourn"]
[EventCountry "GRE"]
[SourceTitle "playchess.com"]
[Source "ChessBase"]
[SourceQuality "1"]

1. e4 d6 2. d4 g6 3. Nf3 Nf6 4. Bd3 Bg7 5. O-O O-O 6. Re1 Nc6 7. e5 dxe5 8. dxe5 Nd5 9. Nbd2 Nf4 10. Be4 Bg4 11. h3 Bxf3 12. Nxf3 Qxd1 13. Rxd1 Ne2+ 14. Kf1 Nxc1 15. Bxc6 bxc6 16. Raxc1 Rfd8 17. Ke2 Kf8 18. Rd3 Rd5 19. Rcd1 Rad8 20. c4 Rxd3 21. Rxd3 Rxd3 22. Kxd3 Ke8 23. Ke4 f5+ 24. exf6 exf6 25. g4 Bh6 26. Nd4 Kd7 27. f4 c5 28. Nf3 c6 29. b3 Bg7 30. h4 Ke6 31. f5+ gxf5+ 32. gxf5+ Ke7 33. Ne1 Bh6 34. Nd3 Kd6 35. b4 cxb4 36. c5+ Kc7 37. Nxb4 Bd2 38. Nc2 Kb7 39. Kd3 Bf4 40. Nd4 h5 41. Ne6 Bg3 42. Ng7 Bxh4 43. Nxh5 Ka6 44. Kc4 Bg5 45. Ng7 Kb7 1/2-1/2

[Event "46th GRE-chT Premier 2018"]
[Site "Rio Achaia"]
[Date "2018.07.14"]
[Round "6"]
[White "Pappas, Andreas"]
[Black "Georgiadis, Alexandros"]
[Result "1-0"]
[WhiteElo "2019"]
[BlackElo "1882"]
[Annotator "NA"]
[PlyCount "89"]
[EventDate "2018.07.10"]
[EventType "team-tourn"]
[EventCountry "GRE"]
[SourceTitle "playchess.com"]
[Source "ChessBase"]
[SourceQuality "1"]

1. d4 d5 2. Bf4 Nf6 3. e3 c5 4. c3 Qb6 5. Na3 Bd7 6. Qb3 c4 7. Qxb6 axb6 8. Nf3 e6 9. Nc2 Nc6 10. Be2 b5 11. Ne5 Nxe5 12. Bxe5 Be7 13. g4 O-O 14. a3 Ne4 15. Bf3 f6 16. Bf4 g5 17. Bc7 f5 18. h3 Ra4 19. Ke2 Rfa8 20. Be5 Bc6 21. h4 h6 22. gxf5 exf5 23. Bxe4 fxe4 24. hxg5 Bxg5 25. Rag1 Kf7 26. Bf4 Rg8 27. Bxg5 hxg5 28. Rh6 Rg6 29. Rh7+ Kf6 30. Nb4 Ra8 31. Rc7 Kf5 32. Re7 Rd8 33. Re5+ Kf6 34. Rh1 Kg7 35. Rh5 Kf6 36. Kf1 Rd6 37. Kg2 Rd8 38. Kg3 Rg7 39. Rh6+ Rg6 40. Rxg6+ Kxg6 41. Nxc6 bxc6 42. Re6+ Kf5 43. Rxc6 Rh8 44. Rd6 Rh1 45. Rxd5+ 1-0

[Event "46th GRE-chT Premier 2018"]
[Site "Rio Achaia"]
[Date "2018.07.14"]
[Round "6"]
[White "Tsivelekidou, Evgenia"]
[Black "Pasoglou, Ekaterini"]
[Result "1-0"]
[WhiteElo "2007"]
[BlackElo "1849"]
[Annotator "NA"]
[PlyCount "169"]
[EventDate "2018.07.10"]
[EventType "team-tourn"]
[EventCountry "GRE"]
[SourceTitle "playchess.com"]
[Source "ChessBase"]
[SourceQuality "1"]

1. d4 Nf6 2. Nf3 e6 3. Bf4 c5 4. e3 d5 5. c3 Nc6 6. Nbd2 Bd6 7. Bg3 O-O 8. Bb5 Ne7 9. Bd3 Ng6 10. Bxg6 hxg6 11. Bxd6 Qxd6 12. Ne5 Bd7 13. O-O Bc6 14. a4 a5 15. f4 Nd7 16. Nxd7 Bxd7 17. Nf3 Be8 18. Qd3 Qb6 19. Ne5 Rc8 20. Rf2 c4 21. Qc2 Rc7 22. Rf3 f6 23. Ng4 Qb3 24. Qxb3 cxb3 25. Nf2 Rc4 26. Nd3 b6 27. Ra3 Bxa4 28. Rf2 Kf7 29. Nc1 Rb8 30. Nxb3 Bxb3 31. Rxb3 b5 32. Ra3 a4 33. Rd2 Ke7 34. Kf2 Kd6 35. Kf3 Kd7 36. e4 Re8 37. e5 f5 38. Re2 Rh8 39. g3 Rhc8 40. Rd2 Ke7 41. Ke3 R8c7 42. Kd3 Kd7 43. Rc2 Kc6 44. b3 axb3 45. Rxb3 Ra7 46. Rcb2 Ra5 47. g4 Rca4 48. gxf5 gxf5 49. Rg2 Ra7 50. Rg6 Re7 51. Rb2 Ra3 52. Kc2 Kb6 53. Rb3 Ra2+ 54. Rb2 Ra3 55. Rb3 Ra2+ 56. Rb2 Ra4 57. Kb3 Raa7 58. Rbg2 Rac7 59. R2g5 Ka5 60. Rg2 Kb6 61. h4 Ra7 62. h5 Rac7 63. Ra2 Ra7 64. Rxa7 Kxa7 65. Kb4 Kb6 66. Rg2 Ra7 67. Rg6 Re7 68. h6 gxh6 69. Rxh6 Kc6 70. Rh8 Ra7 71. Rc8+ Kd7 72. Rc5 Ra1 73. Rxb5 Rf1 74. Kc5 Rxf4 75. Rb7+ Kc8 76. Re7 Rf3 77. Rxe6 Rxc3+ 78. Kxd5 Ra3 79. Rf6 Ra5+ 80. Ke6 Ra4 81. d5 f4 82. d6 Rd4 83. Rf8+ Kb7 84. d7 Kc7 85. Rc8+ 1-0

[Event "46th GRE-chT Premier 2018"]
[Site "Rio Achaia"]
[Date "2018.07.14"]
[Round "6"]
[White "Papageorgiou, Ioannis"]
[Black "Deligiannis, Paraskevas"]
[Result "0-1"]
[WhiteElo "1983"]
[BlackElo "2061"]
[Annotator "NA"]
[PlyCount "114"]
[EventDate "2018.07.10"]
[EventType "team-tourn"]
[EventCountry "GRE"]
[SourceTitle "playchess.com"]
[Source "ChessBase"]
[SourceQuality "1"]

1. e4 d5 2. exd5 Qxd5 3. Nf3 Nf6 4. Be2 Bf5 5. O-O c6 6. c4 Qa5 7. a3 e6 8. b4 Qc7 9. d4 a5 10. b5 cxb5 11. Nc3 bxc4 12. Nb5 Qb6 13. Qa4 Nc6 14. Ne5 Nd5 15. Bg5 f6 16. Nxc4 Qd8 17. Bh4 Be7 18. Bg3 O-O 19. Rac1 Bg6 20. Rfe1 Qd7 21. Bf3 Nxd4 22. Bxd5 Qxb5 23. Bxe6+ Bf7 24. Qxb5 Nxb5 25. Bd7 Bxc4 26. Rxc4 Nxa3 27. Rxe7 Nxc4 28. Be6+ Kh8 29. Bxc4 Rfc8 30. Bf1 a4 31. Rxb7 a3 32. Rb1 a2 33. Ra1 Rc3 34. f3 Rb3 35. Bf2 Rb1 36. Bd4 Rxa1 37. Bxa1 Rc8 38. Bd4 Rc1 39. Kf2 a1=Q 40. Bxa1 Rxa1 41. Bc4 g5 42. g4 Kg7 43. Bd5 h6 44. Kg3 Ra3 45. Be4 Kf7 46. Bd5+ Ke7 47. Be4 Kd6 48. Bf5 Ke5 49. Be4 Kd4 50. Bb7 Ke3 51. Bd5 Ra1 52. Kg2 Kf4 53. Bb7 Ra2+ 54. Kh3 Rb2 55. Bd5 Rf2 56. Bc6 f5 57. Bd5 h5 0-1

[Event "46th GRE-chT Premier 2018"]
[Site "Rio Achaia"]
[Date "2018.07.14"]
[Round "6"]
[White "Ilandzis, Spyridon"]
[Black "Tsekouras, Theodoros"]
[Result "0-1"]
[WhiteElo "1980"]
[BlackElo "2210"]
[Annotator "NA"]
[PlyCount "66"]
[EventDate "2018.07.10"]
[EventType "team-tourn"]
[EventCountry "GRE"]
[SourceTitle "playchess.com"]
[Source "ChessBase"]
[SourceQuality "1"]

1. d4 Nf6 2. c4 g6 3. Nc3 Bg7 4. e4 d6 5. Nf3 O-O 6. h3 e5 7. d5 Na6 8. Be3 Nh5 9. g3 Qe8 10. Be2 f5 11. exf5 gxf5 12. Nd2 Nf6 13. Qc2 Nb4 14. Qb3 a5 15. a3 Na6 16. O-O-O Kh8 17. f3 Nc5 18. Bxc5 dxc5 19. g4 c6 20. Qc2 b5 21. dxc6 b4 22. Nb5 bxa3 23. Nc7 Qxc6 24. Nb5 axb2+ 25. Kb1 a4 26. Bd3 a3 27. Ka2 Be6 28. gxf5 Bg8 29. Nb3 Rfb8 30. Nc3 Rb4 31. Ne4 Rab8 32. Nexc5 Bf8 33. Qf2 Qb6 0-1

[Event "46th GRE-chT Premier 2018"]
[Site "Rio Achaia"]
[Date "2018.07.14"]
[Round "6"]
[White "Boviatsis, Charalampos"]
[Black "Sourgkounis, Angelos"]
[Result "1-0"]
[WhiteElo "1979"]
[BlackElo "1976"]
[Annotator "NA"]
[PlyCount "55"]
[EventDate "2018.07.10"]
[EventType "team-tourn"]
[EventCountry "GRE"]
[SourceTitle "playchess.com"]
[Source "ChessBase"]
[SourceQuality "1"]

1. e4 c6 2. d4 d5 3. exd5 cxd5 4. Nf3 Nc6 5. c4 Nf6 6. Nc3 e6 7. c5 Ne4 8. Bb5 Bd7 9. O-O Be7 10. Re1 Qa5 11. Qb3 a6 12. Bd3 h6 13. Bxe4 dxe4 14. Rxe4 O-O 15. Qxb7 Rfd8 16. Bf4 Ra7 17. Qb3 Bc8 18. a3 Rb7 19. Qa2 Re8 20. b4 Qd8 21. Rae1 Rd7 22. Qc4 Bb7 23. h3 Kh8 24. a4 f5 25. Rxe6 Nxd4 26. Rxh6+ gxh6 27. Be5+ Kh7 28. Qf7# 1-0

[Event "46th GRE-chT Premier 2018"]
[Site "Rio Achaia"]
[Date "2018.07.14"]
[Round "6"]
[White "Fragkou, Eleni"]
[Black "Richterova, Natasa"]
[Result "0-1"]
[WhiteElo "1979"]
[BlackElo "2146"]
[Annotator "NA"]
[PlyCount "95"]
[EventDate "2018.07.10"]
[EventType "team-tourn"]
[EventCountry "GRE"]
[SourceTitle "playchess.com"]
[Source "ChessBase"]
[SourceQuality "1"]

1. Nf3 d5 2. d4 Nf6 3. g3 c5 4. Bg2 Nc6 5. O-O e6 6. c4 dxc4 7. Qa4 Bd7 8. Qxc4 b5 9. Qd3 c4 10. Qd1 Bb4 11. a4 a6 12. Ne5 Rc8 13. e4 O-O 14. Na3 Nxe5 15. dxe5 Ne8 16. axb5 axb5 17. Be3 Be7 18. Nc2 f6 19. Ra7 Nc7 20. exf6 Bxf6 21. Bb6 Be8 22. Qxd8 Bxd8 23. Rd1 Bh5 24. Rd7 Rf7 25. Rd6 Ne8 26. Rxe6 Rxa7 27. Bxa7 Bf6 28. e5 Bf7 29. Bh3 Ra8 30. exf6 Rxa7 31. Re7 Ra2 32. fxg7 Nxg7 33. Rb7 Rxb2 34. Rb8+ Be8 35. Nd4 Kf7 36. Kf1 c3 37. Ke1 b4 38. Bg4 Rb1+ 39. Ke2 Ba4 40. Kd3 Rb2 41. Rb7+ Kf6 42. Rb6+ Kf7 43. Rb7+ Kf8 44. Rb8+ Ne8 45. Ra8 Rd2+ 46. Ke3 Rxd4 47. Kxd4 c2 48. Ke5 0-1

[Event "46th GRE-chT Premier 2018"]
[Site "Rio Achaia"]
[Date "2018.07.14"]
[Round "6"]
[White "Hatzis Bakratsas, Alexandros"]
[Black "Loupos, Vasilios"]
[Result "1-0"]
[WhiteElo "1975"]
[BlackElo "1927"]
[Annotator "NA"]
[PlyCount "105"]
[EventDate "2018.07.10"]
[EventType "team-tourn"]
[EventCountry "GRE"]
[SourceTitle "playchess.com"]
[Source "ChessBase"]
[SourceQuality "1"]

1. d4 Nf6 2. c4 d6 3. Nc3 Nbd7 4. e4 e5 5. Nf3 Be7 6. Be2 O-O 7. h3 exd4 8. Qxd4 Nc5 9. O-O a5 10. Rd1 Bd7 11. Be3 Re8 12. e5 dxe5 13. Nxe5 Bd6 14. Nxd7 Ncxd7 15. Bf3 Ne5 16. Bxb7 Rb8 17. Bd5 Ng6 18. Bc6 Rf8 19. Nb5 Be5 20. Qa7 Qc8 21. Qxa5 Qf5 22. Qd2 h6 23. Qd3 Qh5 24. Bf3 Qh4 25. Rac1 Bxb2 26. Rc2 Be5 27. Qf5 Rfe8 28. g3 Bxg3 29. Rd4 Rxe3 30. fxe3 Qg5 31. Qxg5 hxg5 32. a4 Nh4 33. Bc6 Rb6 34. Rd8+ Kh7 35. Bg2 c6 36. c5 Ra6 37. Nc3 Ra5 38. Ne4 Nxe4 39. Bxe4+ f5 40. Bxc6 Ra6 41. Bd7 f4 42. e4 Ra7 43. Bf5+ Nxf5 44. exf5 Rxa4 45. Kg2 Ra3 46. c6 Bh4 47. Rd1 Rg3+ 48. Kh2 g4 49. hxg4 f3 50. Rg1 f2 51. Rf1 Rxg4 52. c7 g5 53. c8=Q 1-0

[Event "46th GRE-chT Premier 2018"]
[Site "Rio Achaia"]
[Date "2018.07.14"]
[Round "6"]
[White "Petraki, Maria"]
[Black "Antoniadou, Paraskevi"]
[Result "1-0"]
[WhiteElo "1962"]
[BlackElo "1764"]
[Annotator "NA"]
[PlyCount "137"]
[EventDate "2018.07.10"]
[EventType "team-tourn"]
[EventCountry "GRE"]
[SourceTitle "playchess.com"]
[Source "ChessBase"]
[SourceQuality "1"]

1. e4 e5 2. Nf3 Nc6 3. Bb5 Bc5 4. c3 Nf6 5. d3 d6 6. O-O a6 7. Bxc6+ bxc6 8. Bg5 Ba7 9. Nbd2 c5 10. Re1 O-O 11. Nf1 Re8 12. Ng3 h6 13. Bh4 g6 14. Nf1 c6 15. h3 Bb8 16. N3h2 Qe7 17. Ne3 g5 18. Bg3 Qf8 19. Qf3 Qg7 20. Nf5 Qg6 21. Ng4 h5 22. Nxf6+ Qxf6 23. Qxh5 Bxf5 24. exf5 Qxf5 25. Re4 Re6 26. Rae1 Kg7 27. f4 exf4 28. Rxe6 fxe6 29. Qe8 Qf7 30. Qxc6 Ra7 31. Bf2 Rc7 32. Qe4 Re7 33. d4 cxd4 34. Bxd4+ e5 35. Bb6 Re6 36. Bf2 Rg6 37. c4 Ba7 38. c5 dxc5 39. Qxe5+ Kh6 40. b3 Qf6 41. Qxf6 Rxf6 42. Rc1 Bb6 43. Kf1 Re6 44. Bxc5 Bxc5 45. Rxc5 Kh5 46. Kf2 Kh4 47. Rc8 Kh5 48. Rc3 Rb6 49. a3 a5 50. b4 axb4 51. Rb3 Kg6 52. axb4 Kf5 53. Kf3 Rb5 54. Rb2 Rb6 55. b5 Ke5 56. Kg4 Kf6 57. h4 gxh4 58. Kxf4 h3 59. gxh3 Ke6 60. h4 Kd5 61. h5 Kc5 62. Kg5 Rd6 63. Rf2 Kxb5 64. h6 Rd1 65. Rh2 Rd5+ 66. Kf6 Rd6+ 67. Ke7 Rc6 68. h7 Rc7+ 69. Kd8 1-0

[Event "46th GRE-chT Premier 2018"]
[Site "Rio Achaia"]
[Date "2018.07.14"]
[Round "6"]
[White "Loukopoulos, Panagiotis-Athanasi"]
[Black "Bardis, Harilaos-Panagiotis"]
[Result "1-0"]
[WhiteElo "1942"]
[BlackElo "1866"]
[Annotator "NA"]
[PlyCount "73"]
[EventDate "2018.07.10"]
[EventType "team-tourn"]
[EventCountry "GRE"]
[SourceTitle "playchess.com"]
[Source "ChessBase"]
[SourceQuality "1"]

1. e4 Nf6 2. e5 Nd5 3. d4 d6 4. c4 Nb6 5. exd6 exd6 6. Nc3 Be7 7. Bd3 Nc6 8. Nge2 Bg4 9. Be3 O-O 10. b3 Bf6 11. Qd2 d5 12. c5 Nc8 13. h3 Bxe2 14. Nxe2 N8e7 15. a3 a5 16. O-O g6 17. b4 axb4 18. axb4 b6 19. Rxa8 Qxa8 20. b5 Na5 21. c6 Qc8 22. Nf4 Rd8 23. Qa2 Bg7 24. Rd1 Rd6 25. Bd2 Nf5 26. Bb4 Rd8 27. Nxd5 Qe6 28. Bxf5 Qxd5 29. Qxd5 Rxd5 30. Bxa5 Rxb5 31. d5 Be5 32. Bc3 Bxc3 33. d6 Be5 34. d7 Bf6 35. d8=Q+ Bxd8 36. Rxd8+ Kg7 37. Bd7 1-0

[Event "46th GRE-chT Premier 2018"]
[Site "Rio Achaia"]
[Date "2018.07.14"]
[Round "6"]
[White "Marinakis, Hristos"]
[Black "Chatzieleftheriou, Andreas"]
[Result "1-0"]
[WhiteElo "1942"]
[BlackElo "2012"]
[Annotator "NA"]
[PlyCount "97"]
[EventDate "2018.07.10"]
[EventType "team-tourn"]
[EventCountry "GRE"]
[SourceTitle "playchess.com"]
[Source "ChessBase"]
[SourceQuality "1"]

1. e4 c6 2. d4 d5 3. exd5 cxd5 4. Bd3 Nc6 5. c3 Nf6 6. Bf4 Bg4 7. Qb3 Qd7 8. Nd2 e6 9. Ngf3 Bxf3 10. Nxf3 a6 11. O-O Be7 12. Rfe1 h6 13. Qd1 Bd6 14. Ne5 Qc7 15. Qf3 Bxe5 16. Bxe5 Nxe5 17. Rxe5 O-O-O 18. c4 dxc4 19. Rc5 Qxc5 20. dxc5 Rxd3 21. Qe2 Rhd8 22. g3 R8d4 23. Rc1 Rd2 24. Qe5 Rd5 25. Qc3 Rxf2 26. c6 Rdd2 27. cxb7+ Kxb7 28. Qb4+ Ka8 29. Qf8+ Kb7 30. Qb4+ Ka8 31. Qxc4 Rg2+ 32. Kf1 Rgf2+ 33. Ke1 Rfe2+ 34. Qxe2 Rxe2+ 35. Kxe2 Kb7 36. Rf1 Kc6 37. Rc1+ Kb7 38. Kd3 Ng4 39. Rc2 Ne5+ 40. Kd4 Nf3+ 41. Ke4 Ng5+ 42. Ke5 f6+ 43. Kd6 e5 44. Rc7+ Kb6 45. Rxg7 e4 46. Re7 Nf3 47. Rxe4 Nxh2 48. Rb4+ Ka5 49. Kc5 1-0

[Event "46th GRE-chT Premier 2018"]
[Site "Rio Achaia"]
[Date "2018.07.14"]
[Round "6"]
[White "Laspas, Panagiotis"]
[Black "Kalodoukas, Odysseas"]
[Result "1/2-1/2"]
[WhiteElo "1917"]
[BlackElo "2089"]
[Annotator "NA"]
[PlyCount "88"]
[EventDate "2018.07.10"]
[EventType "team-tourn"]
[EventCountry "GRE"]
[SourceTitle "playchess.com"]
[Source "ChessBase"]
[SourceQuality "1"]

1. d4 d5 2. c4 e6 3. g3 Nf6 4. Bg2 Bb4+ 5. Bd2 Bd6 6. Nf3 c6 7. Qc2 Nbd7 8. O-O O-O 9. Nc3 Qe7 10. e4 dxe4 11. Nxe4 Nxe4 12. Qxe4 e5 13. dxe5 Nxe5 14. Nxe5 Qxe5 15. Bc3 Qxe4 16. Bxe4 Be6 17. b3 Rfe8 18. Rfe1 a5 19. a4 g6 20. Rab1 Bb4 21. Bxb4 axb4 22. Rbd1 Rad8 23. f3 Kf8 24. Kf2 Ke7 25. g4 Rd6 26. Kg3 Red8 27. Rxd6 Rxd6 28. Re2 Rd1 29. Kf4 h6 30. Ra2 Kd6 31. a5 g5+ 32. Ke3 Bc8 33. Rd2+ Rxd2 34. Kxd2 Ke5 35. Ke3 f6 36. h3 Bd7 37. Bd3 Be6 38. Be4 Bd7 39. Bd3 Bc8 40. Be4 Bd7 41. Bg6 Be6 42. Be4 Bd7 43. Bd3 Be6 44. Be4 Bd7 1/2-1/2

[Event "46th GRE-chT Premier 2018"]
[Site "Rio Achaia"]
[Date "2018.07.14"]
[Round "6"]
[White "Koutsidi, Amalia"]
[Black "Kouta, Vasiliki"]
[Result "1-0"]
[WhiteElo "1911"]
[BlackElo "1350"]
[Annotator "NA"]
[PlyCount "47"]
[EventDate "2018.07.10"]
[EventType "team-tourn"]
[EventCountry "GRE"]
[SourceTitle "playchess.com"]
[Source "ChessBase"]
[SourceQuality "1"]

1. e4 d6 2. d4 Nf6 3. Nc3 Nbd7 4. g4 h6 5. h3 e5 6. Nge2 Be7 7. Ng3 Nb6 8. Be3 exd4 9. Bxd4 c6 10. Qd2 Qc7 11. O-O-O Be6 12. f4 O-O-O 13. Kb1 d5 14. e5 Nh7 15. f5 c5 16. Nb5 Qb8 17. fxe6 cxd4 18. Nf5 Bf8 19. e7 Bxe7 20. Nxe7+ Kd7 21. Nf5 Rhe8 22. Qxd4 Rxe5 23. Nbd6 Ng5 24. Qxe5 1-0

[Event "46th GRE-chT Premier 2018"]
[Site "Rio Achaia"]
[Date "2018.07.14"]
[Round "6"]
[White "Gavriil, Odysseas-Panagiotis"]
[Black "Loutragotis, Paraskevas Pantelei"]
[Result "0-1"]
[WhiteElo "1910"]
[BlackElo "1980"]
[Annotator "NA"]
[PlyCount "96"]
[EventDate "2018.07.10"]
[EventType "team-tourn"]
[EventCountry "GRE"]
[SourceTitle "playchess.com"]
[Source "ChessBase"]
[SourceQuality "1"]

1. d4 Nf6 2. Nf3 g6 3. Nbd2 Bg7 4. e4 d6 5. c3 Nbd7 6. Be2 O-O 7. O-O e5 8. dxe5 Nxe5 9. Nxe5 dxe5 10. Qc2 Be6 11. a4 Nd7 12. Rd1 f5 13. Bc4 Bxc4 14. Nxc4 Qe7 15. b3 Qf7 16. Ba3 Rfd8 17. f3 Bf8 18. Bxf8 Qxf8 19. b4 Qf6 20. a5 Nf8 21. exf5 gxf5 22. Ne3 f4 23. Ng4 Qg7 24. Qf5 Ng6 25. Qf6 Qxf6 26. Nxf6+ Kg7 27. Nd5 Rd7 28. c4 Rad8 29. Nc3 Rd4 30. b5 Nh4 31. a6 b6 32. c5 bxc5 33. Rxd4 exd4 34. Ne4 c4 35. Rc1 c3 36. Nc5 Kf6 37. Nd3 Rb8 38. Rb1 c6 39. b6 axb6 40. a7 Ra8 41. Rxb6 Rxa7 42. Rxc6+ Ke7 43. Nxf4 Ra1+ 44. Kf2 Ra2+ 45. Kf1 Rd2 46. Rc4 c2 47. Nd3 Nxg2 48. Rxd4 Ne3+ 0-1

[Event "46th GRE-chT Premier 2018"]
[Site "Rio Achaia"]
[Date "2018.07.14"]
[Round "6"]
[White "Brokalakis - Gounaris, Christos"]
[Black "Triantos, Konstantinos"]
[Result "1/2-1/2"]
[WhiteElo "1901"]
[BlackElo "2078"]
[Annotator "NA"]
[PlyCount "139"]
[EventDate "2018.07.10"]
[EventType "team-tourn"]
[EventCountry "GRE"]
[SourceTitle "playchess.com"]
[Source "ChessBase"]
[SourceQuality "1"]

1. d4 Nf6 2. c4 e6 3. Nc3 Bb4 4. Qc2 O-O 5. e4 d6 6. a3 Bxc3+ 7. bxc3 e5 8. Bd3 Nc6 9. Ne2 Re8 10. O-O Qe7 11. f3 h6 12. Bd2 b6 13. Rae1 Ba6 14. f4 Na5 15. fxe5 dxe5 16. Ng3 Nh7 17. Nf5 Qd7 18. d5 Kh8 19. Rf3 f6 20. Qd1 Bxc4 21. Rg3 Rg8 22. Bxc4 Nxc4 23. Bc1 Nd6 24. Nh4 g5 25. Nf3 h5 26. Nd2 g4 27. Rf1 Raf8 28. Qe2 Ng5 29. c4 Qh7 30. Re3 Qg6 31. a4 Rg7 32. Ba3 Rfg8 33. Kh1 Ngf7 34. c5 bxc5 35. Bxc5 h4 36. Qf2 g3 37. Qxf6 h3 38. Qxg6 Rxg6 39. Rxg3 Rxg3 40. hxg3 Rxg3 41. gxh3 Rxh3+ 42. Kg2 Rd3 43. Rf2 Ng5 44. Re2 a6 45. Bxd6 cxd6 46. Nc4 Nf7 47. Rf2 Kg7 48. Rc2 Kf6 49. Kf2 Kg5 50. Ke2 Rh3 51. Rc1 Rb3 52. Kd2 Kf6 53. a5 Ke7 54. Rg1 Rf3 55. Rg6 Rf6 56. Rxf6 Kxf6 57. Ke3 Ke7 58. Nd2 Nd8 59. Nc4 Nb7 60. Kd3 Kf6 61. Ke2 Kg5 62. Kf3 Kh4 63. Ne3 Nxa5 64. Nf5+ Kg5 65. Nxd6 Kf6 66. Ne8+ Ke7 67. Nc7 Kd6 68. Nxa6 Nc4 69. Nb4 Nb6 70. Nd3 1/2-1/2